000 00977nam a2200289 i 4500
001 bg
100 1 _aKOROŃSKI, Jan.
245 1 0 _aWykłady i ćwiczenia z matematyki dla studentów zaocznych studiów politechnicznych.
_nCz. 2 /
_cJan Koroński.
246 1 _aWykłady i ćwiczenia z matematyki
250 _aWyd. 3 uzup.
260 _aKraków :
_bWydawnictwo Politechniki Krakowskiej,
_c2005.
300 _a381 s. ;
_c24 cm.
490 1 _aPomoc Dydaktyczna / Politechnika Krakowska im. Tadeusza Kościuszki
500 _aTyt. grzbiet.: Wykłady i ćwiczenia z matematyki.
504 _aBibliogr. s. 381.
650 9 _aMatematyka
655 _aPodręczniki akademickie
830 0 _aPomoc Dydaktyczna (Politechnika Krakowska im. Tadeusza Kościuszki)
015 _aPB 18612/2005
020 _a8372423598
040 _cBPK
041 _apol
080 _a51(075.8)
920 _a83-7242-359-8
942 _cKS
008 s pl f |000 0 pol
999 _c51707
_d51707
856 _uhttp://koha.tu.koszalin.pl/cgi-bin/koha/opac-detail.pl?biblionumber=51707
_yKatalog online BPK